<?xml version="1.0" encoding="UTF-8"?>
<record
    xmlns:xsi="http://www.w3.org/2001/XMLSchema-instance"
    xsi:schemaLocation="http://www.loc.gov/MARC21/slim http://www.loc.gov/standards/marcxml/schema/MARC21slim.xsd"
    xmlns="http://www.loc.gov/MARC21/slim">

  <leader>01371nam a2200265 a 4500</leader>
  <controlfield tag="008">180307s2007    ag  |||fr|||| 001 0 spa d</controlfield>
  <datafield tag="020" ind1=" " ind2=" ">
    <subfield code="a">9280638175</subfield>
  </datafield>
  <datafield tag="041" ind1=" " ind2=" ">
    <subfield code="a">spa</subfield>
  </datafield>
  <datafield tag="092" ind1=" " ind2=" ">
    <subfield code="c">340</subfield>
    <subfield code="l">88</subfield>
    <subfield code="s">UNI</subfield>
  </datafield>
  <datafield tag="110" ind1="1" ind2=" ">
    <subfield code="a">UNICEF</subfield>
    <subfield code="9">2427</subfield>
  </datafield>
  <datafield tag="245" ind1=" " ind2=" ">
    <subfield code="a">Convenci&#xF3;n sobre los derechos del ni&#xF1;o /</subfield>
    <subfield code="c">UNICEF</subfield>
  </datafield>
  <datafield tag="250" ind1=" " ind2=" ">
    <subfield code="a">1a.ed.</subfield>
  </datafield>
  <datafield tag="260" ind1=" " ind2=" ">
    <subfield code="a">Buenos Aires:</subfield>
    <subfield code="b">UNICEF;</subfield>
    <subfield code="c">2007.</subfield>
  </datafield>
  <datafield tag="300" ind1=" " ind2=" ">
    <subfield code="a">157 p.</subfield>
  </datafield>
  <datafield tag="500" ind1=" " ind2=" ">
    <subfield code="a">UNICEF. (2007). Convenci&#xF3;n sobre los derechos del ni&#xF1;o. (1a ed.). Buenos Aires : UNICEF.</subfield>
  </datafield>
  <datafield tag="590" ind1=" " ind2=" ">
    <subfield code="a">Donaci&#xF3;n Dr. Julio Arce, marzo 2018.</subfield>
  </datafield>
  <datafield tag="653" ind1=" " ind2=" ">
    <subfield code="a">Declaraci&#xF3;n Universal de los Derechos Humanos</subfield>
  </datafield>
  <datafield tag="653" ind1=" " ind2=" ">
    <subfield code="a">Convenci&#xF3;n sobre los derechos del ni&#xF1;o (Ley 23849)</subfield>
  </datafield>
  <datafield tag="653" ind1=" " ind2=" ">
    <subfield code="a">Convenci&#xF3;n sobre la eliminaci&#xF3;n de todas las formas de discriminaci&#xF3;n contra la mujer (Ley 23179)</subfield>
  </datafield>
  <datafield tag="653" ind1=" " ind2=" ">
    <subfield code="a">Convenci&#xF3;n Interamericana para prevenir, sancionar y erradicar la violencia contra la mujer "Convenci&#xF3;n de Bel&#xE9;m do Par&#xE1;" (Ley 24632)</subfield>
  </datafield>
  <datafield tag="653" ind1=" " ind2=" ">
    <subfield code="a">Protocolo facultativo de la convenci&#xF3;n sobre los derechos del ni&#xF1;o relativo a la participaci&#xF3;n de ni&#xF1;os con conflictos armados (Ley 25616)</subfield>
  </datafield>
  <datafield tag="653" ind1=" " ind2=" ">
    <subfield code="a">Protocolo relativo a la venta de ni&#xF1;os, la prostitucion infantil y la utilizaci&#xF3;n de los ni&#xF1;os en la pornograf&#xED;a (Ley 25763)</subfield>
  </datafield>
  <datafield tag="653" ind1=" " ind2=" ">
    <subfield code="a">Ley de protecci&#xF3;n integral de los derechos de las ni&#xF1;as, ni&#xF1;os y adolescentes (Ley 26061)</subfield>
  </datafield>
  <datafield tag="942" ind1=" " ind2=" ">
    <subfield code="2">ddc</subfield>
    <subfield code="c">BK</subfield>
  </datafield>
  <datafield tag="999" ind1=" " ind2=" ">
    <subfield code="c">2701</subfield>
    <subfield code="d">2701</subfield>
  </datafield>
  <datafield tag="952" ind1=" " ind2=" ">
    <subfield code="0">0</subfield>
    <subfield code="1">0</subfield>
    <subfield code="2">ddc</subfield>
    <subfield code="4">0</subfield>
    <subfield code="7">0</subfield>
    <subfield code="a">BFM</subfield>
    <subfield code="b">BFM</subfield>
    <subfield code="c">CR</subfield>
    <subfield code="d">2018-03-08</subfield>
    <subfield code="e">Donaci&#xF3;n Dr. Julio Arce, Marzo 2018.</subfield>
    <subfield code="l">0</subfield>
    <subfield code="o">340 88 UNI</subfield>
    <subfield code="p">4206</subfield>
    <subfield code="r">2018-03-08</subfield>
    <subfield code="t">Ej. 1</subfield>
    <subfield code="w">2018-03-08</subfield>
    <subfield code="y">BK</subfield>
    <subfield code="z">Proyecto 4to libro. Donaci&#xF3;n Dr. Julio Arce, Marzo 2018.</subfield>
  </datafield>
</record>
